000 00312nam a22001457a 4500
008 210526b ||||| |||| 00| 0 eng d
020 _a0397510632
041 _aeng
080 _22nd
_a616
082 _a616
100 _a9
101 _aPAT
245 _aUrologic Pathology
_cPetersen,R.O
942 _2udc
_cBK
999 _c57630
_d57630